000 00723nam a2200289Ia 4500
005 20260324125533.0
008 008 260324s9999 xx 000 0 eng d
020 _a9781315085708
037 _aEBOOK
040 _aCRL
040 _beng
040 _cCRL
041 _2eng
041 _aeng
084 _qCRL
100 _aDavid E. McNabb; Evan M. Berman
_91178348
245 4 _aThe New Face of Government
245 0 _bHow Public Managers Are Forging a New Approach to Governance
260 _bTaylor and Francis
260 _c2009
365 _a
365 _b120
856 _uhttp://www.taylorfrancis.com/books/9781315085708
942 _cEBOOK
999 _c1773726
_d1773726